000 00321nam a2200145Ia 4500
100 _aBrassard/Gilles/ Paul/Bratley
942 _cBK
654 _aalgorithmics
245 _aFundamentals of Algorithmics
260 _bPrentice Hall
_c1996
082 _a4.64
_bBRA
300 _a524
546 _aENGLISH
999 _c24438
_d24438